Score 0/28 Timer 02:00
2 Plays Today
Band Word % Correct
_____ FloydPink
97.5%
Guns N _____Roses
97.4%
_____ SabbathBlack
95.7%
_____ in ChainsAlice
94.8%
The Beach _____Boys
93.5%
KC and the _____ BandSunshine
91.1%
Jesus _____Jones
89.3%
_____ without HatsMen
87.2%
Twisted _____Sister
86%
_____ at the disco Panic
85.6%
_____ Cab for CutieDeath
84.5%
_____ HalenVan
82.8%
_____ CompanyBad
81.2%
_____ for FightingFive
78.4%
Band Word % Correct
_____ Heads Talking
77.8%
_____ & AirwavesAngels
77.4%
Queens of the _____ AgeStone
74.6%
_____ Weekend Vampire
73.9%
_____ Miller BandSteve
72.3%
_____ DayGreen
62.4%
_____ TheaterDream
60.9%
_____ MelonBlind
59.8%
Huey Lewis and the _____News
57%
Collective _____Soul
55.4%
Marky Mark and the Funky _____Bunch
54%
_____ Light OrchestraElectric
52.9%
_____ Riot Quiet
44%
_____ No MoreFaith
41.2%

Today's Daily Dose

Remove Ads.
Support Sporcle.
Get the best of Sporcle when you Go Orange. This ad-free experience offers more features, more stats, and more fun while also helping to support Sporcle. Thank you for becoming a member.

You're not logged in!

Compare scores with friends on all Sporcle quizzes.
OR
Log In

Show Comments

Extras

Top Quizzes Today


Score Distribution

Your Account Isn't Verified!

In order to create a playlist on Sporcle, you need to verify the email address you used during registration. Go to your Sporcle Settings to finish the process.

Report this User

Report this user for behavior that violates our Community Guidelines.

Details: